Barbados : Statistical Appendix.

In this paper, the following statistical data are presented in detail: index of industrial production, selected sugar statistics, retail price index, nominal wage index, central government operations and transfers, operations of national insurance schemes, liquidity position of commercial banks, int...

詳細記述

書誌詳細
団体著者: International Monetary Fund
フォーマット: 雑誌
言語:English
出版事項: Washington, D.C. : International Monetary Fund, 2000.
シリーズ:IMF Staff Country Reports; Country Report ; No. 1999/144
オンライン・アクセス:Full text available on IMF
LEADER 01641cas a2200241 a 4500
001 AALejournalIMF001079
008 230101c9999 xx r poo 0 0eng d
020 |c 5.00 USD 
020 |z 9781451806007 
022 |a 1934-7685 
040 |a BD-DhAAL  |c BD-DhAAL 
110 2 |a International Monetary Fund. 
245 1 0 |a Barbados :   |b Statistical Appendix. 
264 1 |a Washington, D.C. :  |b International Monetary Fund,  |c 2000. 
300 |a 1 online resource (51 pages) 
490 1 |a IMF Staff Country Reports 
500 |a <strong>Off-Campus Access:</strong> No User ID or Password Required 
500 |a <strong>On-Campus Access:</strong> No User ID or Password Required 
506 |a Electronic access restricted to authorized BRAC University faculty, staff and students 
520 3 |a In this paper, the following statistical data are presented in detail: index of industrial production, selected sugar statistics, retail price index, nominal wage index, central government operations and transfers, operations of national insurance schemes, liquidity position of commercial banks, interest rates, operations of credit unions, summary accounts of offshore banks, balance of payments, selected interest rates, operations of credit unions, total exports and imports, services, investment income, current transfer, tourism statistics, capital account, summary of external debt, direction of trade, and so on. 
538 |a Mode of access: Internet 
830 0 |a IMF Staff Country Reports; Country Report ;  |v No. 1999/144 
856 4 0 |z Full text available on IMF  |u http://elibrary.imf.org/view/journals/002/1999/144/002.1999.issue-144-en.xml  |z IMF e-Library